000
00256nam a2200109Ia 4500
008
190911s9999||||xx |||||||||||||| ||und||
100
_a
Groth,David
245
0
_a
A+Core Module Study Guide
260
_a
New Delhi
_b
Pearson
_c
1998
300
_a
815
942
_c
BK
999
_c
6775
_d
6775